Tiện ích cho Internet
保存先:
| 第一著者: | |
|---|---|
| フォーマット: | 図書 |
| 言語: | Undetermined |
| 出版事項: |
Cà Mau
Mũi Cà Mau
1999
|
| 主題: | |
| タグ: |
タグ追加
タグなし, このレコードへの初めてのタグを付けませんか!
|
| Thư viện lưu trữ: | Trung tâm Học liệu Trường Đại học Cần Thơ |
|---|
| LEADER | 00579nam a2200193Ia 4500 | ||
|---|---|---|---|
| 001 | CTU_34136 | ||
| 008 | 210402s9999 xx 000 0 und d | ||
| 020 | |b 17.000đ | ||
| 082 | |a 004.6 | ||
| 082 | |b H406 | ||
| 100 | |a Lê, Hoàn | ||
| 245 | 0 | |a Tiện ích cho Internet | |
| 245 | 0 | |c Lê Hoàn chủ biên | |
| 260 | |a Cà Mau | ||
| 260 | |b Mũi Cà Mau | ||
| 260 | |c 1999 | ||
| 650 | |a Information networks,Internet ( computer programs ),Programming languages ( electronic computers ) | ||
| 904 | |i Minh | ||
| 980 | |a Trung tâm Học liệu Trường Đại học Cần Thơ | ||